000
00205 a2200097 4500
001
8283
090
_c
6662
_d
6662
100
_a
Houston, C
245
_a
K2 The savage Mountain (Transfered to SOA)
260
_b
Collins
942
_a
NUST-CAE
999
_c
243356
_d
243356